KOHA-Header-6

Personnel Testing A Manager's Guide (Record no. 9112)

000 -LEADER
fixed length control field 00275nam a2200109Ia 4500
100 ## - MAIN ENTRY--AUTHOR NAME
Personal name John W. Jones
245 #0 - TITLE STATEMENT
Title Personnel Testing A Manager's Guide
260 ## - PUBLICATION, DISTRIBUTION, ETC. (IMPRINT)
Place of publication New Delhi
Name of publisher Bantam Books
Year of publication 2004
300 ## - PHYSICAL DESCRIPTION
Number of Pages 169
942 ## - ADDED ENTRY ELEMENTS (KOHA)
Koha item type Books
Holdings
Withdrawn status Lost status Permanent Location Current Location Date acquired Full call number Accession Number Koha item type
    MAJU MAJU 2019-09-14 658.848 4453 Books

Powered by Koha